UBT Library

ASP.NET 4.0 programming / (Record no. 415)

000 -LEADER
fixed length control field 00559nam a22001937a 4500
005 - DATE AND TIME OF LATEST TRANSACTION
control field 20140312080637.0
008 - FIXED-LENGTH DATA ELEMENTS--GENERAL INFORMATION
fixed length control field 091105s2010 nyua 001 0 eng
020 ## - INTERNATIONAL STANDARD BOOK NUMBER
International Standard Book Number 9780071604109
080 ## - UNIVERSAL DECIMAL CLASSIFICATION NUMBER
Universal Decimal Classification number 004.272.23
100 1# - Rafti
Rafti Kanjilal, Joydip.
245 10 - TITLE STATEMENT
Title ASP.NET 4.0 programming /
Statement of responsibility, etc Joydip Kanjilal.
260 ## -
-- New York :
-- McGraw-Hill,
-- 2010.
300 ## -
-- 382 f. :
-- me il. ;
-- 23 cm.
500 ## -
-- Përfshin indeksin f. 375-382
630 00 -
-- Active server pages.
650 #0 -
-- Kompjuterat
650 #0 -
-- Kompjuterat-Programimi-Softuerat
942 ## - ADDED ENTRY ELEMENTS (KOHA)
Source of classification or shelving scheme
Item type Books
Holdings
Withdrawn status Lost status Source of classification or shelving scheme Damaged status Not for loan Collection code Permanent location Current location Shelving location Date acquired Total Checkouts Full call number Barcode Date last seen Price effective from Koha item type
          Koleksioni i përgjithshem UBT - Ferizaj UBT - Ferizaj Koleksioni i përgjithshem 03/12/2014   004.272.23 KAN 003000116 03/12/2014 03/12/2014 Books
          Koleksioni i përgjithshem UBT - Ferizaj UBT - Ferizaj Koleksioni i përgjithshem 03/12/2014   004.272.23 KAN 003000117 03/12/2014 03/12/2014 Books
          Koleksioni i përgjithshem UBT - Ferizaj UBT - Ferizaj Koleksioni i përgjithshem 03/12/2014   004.272.23 KAN 003000118 03/12/2014 03/12/2014 Books
          Koleksioni i përgjithshem UBT - Ferizaj UBT - Ferizaj Koleksioni i përgjithshem 03/12/2014   004.272.23 KAN 003000119 03/12/2014 03/12/2014 Books
          Koleksioni i përgjithshem UBT - Ferizaj UBT - Ferizaj Koleksioni i përgjithshem 03/12/2014   004.272.23 KAN 003000120 03/12/2014 03/12/2014 Books
          Koleksioni i përgjithshem UBT - Ferizaj UBT - Ferizaj Koleksioni i përgjithshem 03/12/2014   004.272.23 KAN 003000121 03/12/2014 03/12/2014 Books
          Koleksioni i përgjithshem UBT - Ferizaj UBT - Ferizaj Koleksioni i përgjithshem 03/12/2014   004.272.23 KAN 003000122 03/12/2014 03/12/2014 Books
          Koleksioni i përgjithshem UBT - Ferizaj UBT - Ferizaj Koleksioni i përgjithshem 03/12/2014   004.272.23 KAN 003000123 03/12/2014 03/12/2014 Books
          Koleksioni i përgjithshem UBT - Ferizaj UBT - Ferizaj Koleksioni i përgjithshem 03/12/2014   004.272.23 KAN 003000124 03/12/2014 03/12/2014 Books
          Koleksioni i përgjithshem UBT - Ferizaj UBT - Ferizaj Koleksioni i përgjithshem 03/12/2014   004.272.23 KAN 003000125 03/12/2014 03/12/2014 Books
UBT Library © 2015-2024. All rights reserved University Education for Business and Technology